| 000 | 00429nam a22001577a 4500 | ||
|---|---|---|---|
| 020 | _a0072864583 | ||
| 040 | _cNUST | ||
| 082 |
_a604.2 _bBER |
||
| 100 |
_aBertoline, Gary R _97936 |
||
| 110 |
_aWiebe, Eric N _9123290 |
||
| 245 | _aFundamentals of Graphics Communication. | ||
| 250 | _a4th Edition | ||
| 260 |
_aBoston: _bMcgraw Hill, _c2005. |
||
| 650 |
_aFundamentals of Graphics Communication. _9113213 |
||
| 942 |
_2ddc _cBK |
||
| 999 |
_c609512 _d609512 |
||